| 000 | 02030nam0a2200373 4500 | ||
|---|---|---|---|
| 001 | RU\NLR\bibl\903667 | ||
| 005 | 20250614180943.0 | ||
| 010 |
_a5-09-012664-X _bв обл. |
||
| 021 |
_aRU _b2005-76080 _93750 |
||
| 035 | _a(nilc)RSL-KNO-002766901 | ||
| 035 | _a(NLR Aleph) 000892087 | ||
| 090 |
_a1724749 _c1724749 |
||
| 100 | _a20051122d2006 |||y0rusy50 ca | ||
| 101 | 0 | _arus | |
| 102 | _aRU | ||
| 105 | _aa ||||||||| | ||
| 106 | _ar | ||
| 200 | 1 |
_aЕстествознание с основами экологии _e5 класс _eэкскурсии в природу _eкнига для учителя _fО.И. Лагутенко _gпод ред. И.Ю. Алексашиной |
|
| 210 |
_aСанкт-Петербург _cфилиал изд-ва "Просвещение" _d2006 _gППП Тип. Наука |
||
| 215 |
_a158,[1] с. _cил., табл. _d22 |
||
| 225 | 1 | _aЛабиринт | |
| 320 | _aБиблиогр. в тексте | ||
| 606 | 1 |
_aБиология _xПрактические занятия _xСредняя школа _91140631 _3RU\NLR\auth\66135497 |
|
| 606 | 1 |
_aЭкология _xПреподавание _xСредняя школа _92146530 _3RU\NLR\auth\661293164 |
|
| 610 | 0 | _aКультура. Наука. Просвещение -- Народное образование. Педагогические науки -- Общеобразовательная школа. Школьная педагогика -- Российская Федерация -- Методика преподавания Отдельных учебных предметов -- Естествознание -- Дидактика -- Организационные формы обучения -- Экскурсии | |
| 686 |
_aЧ426.44,6(2)-264,0 _2rubbk |
||
| 686 | _aЧ426.44-254 | ||
| 700 | 1 |
_aЛагутенко _bО. И. _gОльга Игоревна _4070 |
|
| 801 | 0 |
_aRU _bRuMoRKP _c20051122 |
|
| 801 | 1 |
_aRU _bRuMoRGB _c20051122 |
|
| 801 | 2 |
_aRU _bNLR _c20060206 _grcr |
|
| 942 | _cBOOK | ||
| 980 | _aNB | ||